书目信息 |
| 题名: |
解码生命
|
|
| 作者: | 文特尔 著 ;赵海军 , 周海燕 译 | |
| 分册: | ||
| 出版信息: | 长沙 湖南科学技术出版社 2018 |
|
| 页数: | 17,560页 | |
| 开本: | 21cm | |
| 丛书名: | 第一推动丛书 | |
| 单 册: | ||
| 中图分类: | Q987-49 | |
| 科图分类: | ||
| 主题词: | 人类基因--基因组--普及读物 | |
| 电子资源: | ||
| ISBN: | 978-7-5357-9499-4 | |
| 000 | 00956oam2 2200289 450 | |
| 001 | 3524 | |
| 005 | 20180527164000.04 | |
| 010 | @a978-7-5357-9499-4@dCNY69.00 | |
| 100 | @a20180412d2018 em y0chiy50 ea | |
| 101 | 1 | @achi@ceng |
| 102 | @aCN@b430000 | |
| 105 | @aa z 001yy | |
| 200 | 1 | @a解码生命@9jie ma sheng ming@dA life decoded@f(美)J.克雷格·文特尔(J.Craig Venter)著@g赵海军,周海燕译@zeng |
| 210 | @a长沙@c湖南科学技术出版社@d2018 | |
| 215 | @a17,560页@c图@d21cm | |
| 225 | 1 | @a第一推动丛书@i生命系列@v03 |
| 330 | @a本书讲述了人类遗传密码破解这个非凡的里程碑的故事。 | |
| 461 | 0 | @12001 @a第一推动丛书 |
| 462 | 0 | @12001 @a生命系列 |
| 510 | 1 | @aLife decoded@zeng |
| 606 | 0 | @a人类基因@x基因组@j普及读物 |
| 690 | @aQ987-49@v5 | |
| 701 | 0 | @c(美)@a文特尔@9wen te er@c(Venter, Craig)@4著 |
| 702 | 0 | @a赵海军@9zhao hai jun@4译 |
| 702 | 0 | @a周海燕@9zhou hai yan@4译 |
| 801 | 0 | @aCN@b91MARC@c20180412 |
| 905 | @aMuseLib@dQ987-49@e60 | |
| 解码生命=A life decoded/(美)J.克雷格·文特尔(J.Craig Venter)著/赵海军,周海燕译.-长沙:湖南科学技术出版社,2018 |
| 17,560页:图;21cm.-(第一推动丛书.生命系列;03) |
| ISBN 978-7-5357-9499-4:CNY69.00 |
| 本书讲述了人类遗传密码破解这个非凡的里程碑的故事。 |
| ● |
| 相关链接 |
|
|
|
|
正题名:解码生命
索取号:Q987-49/60
 
预约/预借
| 序号 | 登录号 | 条形码 | 馆藏地/架位号 | 状态 | 备注 |
| 1 | 1109544 | 211095447 | 第二样本阅览室/ [索取号:Q987-49/60] | 在馆 | |
| 2 | 1109545 | 211095456 | 教育系资料室/ [索取号:Q987-49/60] | 在馆 | |
| 3 | 1109546 | 211095465 | 教育系资料室/ [索取号:Q987-49/60] | 在馆 | |
| 4 | 1109547 | 211095474 | 第三借阅区/ [索取号:Q987-49/60] | 在馆 |